[Event "Espergaerde Kystmesterskab 1995"]
[Site "Espergaerde"]
[Date "1995.10.08"]
[Round "7"]
[White "Frederiksen, Henrik K"]
[Black "Jaksland, Tim"]
[Result "0-1"]
[WhiteElo "2041"]
[BlackElo "2214"]
[PlyCount "102"]
[EventDate "1995.??.??"]
[EventType "tourn"]
[EventRounds "7"]
[EventCountry "DEN"]

1. d4 g6 2. c4 Bg7 3. Nc3 c5 4. d5 Bxc3+ 5. bxc3 f5 6. g4 fxg4 7. h3 g3 8. fxg3
Qa5 9. Bd2 Nf6 10. Qc2 d6 11. e4 Nbd7 12. Nf3 Ne5 13. Nxe5 dxe5 14. Rb1 O-O 15.
Be2 Qc7 16. g4 Bd7 17. O-O Kg7 18. Rf2 Ng8 19. Rg2 Rf7 20. Be3 b6 21. Qd1 Nf6
22. Qc2 Qd6 23. Kh2 Rg8 24. Rbg1 Kf8 25. Rf2 g5 26. Rff1 h6 27. Ra1 Kg7 28. a4
a5 29. Bd1 Nh7 30. h4 gxh4 31. g5 hxg5 32. Bh5 Rff8 33. Bxg5 Nxg5 34. Rxg5+ Kh8
35. Rxg8+ Rxg8 36. Bf7 Rg3 37. Rf1 Qh6 38. Be6 Bxe6 39. dxe6 Qxe6 40. Rf5 Qg6
41. Qf2 Kg7 42. Rf8 Rxc3 43. Rf3 Rxc4 44. Kh1 Rxe4 45. Rf8 Rg4 46. Rd8 Qe4+ 47.
Kh2 Qf4+ 48. Kh1 Rg3 49. Rd3 Rxd3 50. Qg1+ Rg3 51. Qxg3+ hxg3 0-1

[Event "Espergaerde Kystmesterskab 1995"]
[Site "Espergaerde"]
[Date "1995.10.08"]
[Round "7"]
[White "Jakobsen, Ole"]
[Black "Bratholm, Palle"]
[Result "1/2-1/2"]
[WhiteElo "2406"]
[BlackElo "1993"]
[PlyCount "53"]
[EventDate "1995.??.??"]
[EventType "tourn"]
[EventRounds "7"]
[EventCountry "DEN"]

1. d4 e6 2. c4 Nf6 3. Nf3 b6 4. Nc3 Bb4 5. Qb3 Nc6 6. Bd2 Qe7 7. e3 Ba6 8. Nb5
Bxd2+ 9. Nxd2 d6 10. Be2 O-O 11. O-O Na5 12. Qd1 c5 13. a4 Bb7 14. Bf3 Rfd8 15.
Bxb7 Qxb7 16. Rc1 Rac8 17. b3 a6 18. Nc3 cxd4 19. exd4 d5 20. Ne2 Rc7 21. Rc3
Qc8 22. Qc2 dxc4 23. bxc4 Nc6 24. Nf3 Nb4 25. Qb3 a5 26. Rd1 Qa6 27. Nd2
1/2-1/2

[Event "Espergaerde Kystmesterskab 1995"]
[Site "Espergaerde"]
[Date "1995.10.08"]
[Round "7"]
[White "Olesen, Martin"]
[Black "Ostergaard, Jens"]
[Result "1/2-1/2"]
[WhiteElo "2370"]
[BlackElo "2264"]
[PlyCount "71"]
[EventDate "1995.??.??"]
[EventType "tourn"]
[EventRounds "7"]
[EventCountry "DEN"]

1. Nf3 Nf6 2. c4 e6 3. g3 b6 4. Bg2 Bb7 5. O-O Be7 6. b3 O-O 7. Bb2 c5 8. e3 d5
9. Nc3 Nc6 10. cxd5 exd5 11. d4 Ne4 12. dxc5 Nxc3 13. Bxc3 bxc5 14. Rc1 Qb6 15.
Ne5 Nxe5 16. Bxe5 Qe6 17. Bb2 a5 18. Rc2 Rfd8 19. Qa1 Bf8 20. a4 Qb6 21. Ba3
Rac8 22. Rd1 d4 23. Bxb7 Qxb7 24. exd4 Qxb3 25. Rc3 Qd5 26. Rcc1 c4 27. Bxf8
Rxf8 28. Qc3 Rfe8 29. Re1 f6 30. Rxe8+ Rxe8 31. Rb1 Rd8 32. Rb5 Qxd4 33. Qxd4
Rxd4 34. Rxa5 c3 35. Rc5 Rxa4 36. Rxc3 1/2-1/2